=LDR 00000nam 2200000 4500 =001 INLIS000000000001215 =005 20200924085334 =035 ##$$a 0010-061300000001215 =008 200924################g##########0#ind## =041 ##$$a Ind =082 ##$$a 305.409 73 =090 ##$$a 305.409 73, Eva-l =100 ##$$a Evans, Sara M =245 1#$$a Lahir untuk kebebasan : $b Sejarah perempuan di Amerika jilid 2 /$c Sara M Evans; penerjemah Sri Kusdyantinah Sb. =260 ##$$a Jakarta :$b Yayasan Obor Indonesia,$c 1994. =300 ##$$a 332 hlm. ; $c 21x 15 cm =650 #4$$a Wanita-Amerika-Sejarah =850 ##$$a NBPNMAT =084 ##$$a 305.409 73 EVA l =710 #$$a Sri Kusdyantinah Sb. =020 ##$$a 979-461-171-9 =250 ##$$a cet. 1 =504 ##$$a Indeks :hlm271-283 =990 ##$$a 77.067/Pro-94 =990 ##$$a 77.069/Pro-94